| 000 | 00764nas a2200241 a 4500 | ||
|---|---|---|---|
| 001 | 46333 | ||
| 003 | BD-RjUL | ||
| 005 | 20211209054134.0 | ||
| 008 | 160801s1948 enk|||||||||||| ||eng| | ||
| 035 | _a(BD-RjUL)46451 | ||
| 040 |
_aDLC _cCarP _dDLC _beng |
||
| 041 | _aeng | ||
| 082 |
_bLIT 1948 _a330.956 |
||
| 100 |
_aLingeman, E. R. _9141492 |
||
| 110 | 1 |
_aGreat Britain. _bCommercial Relations and Exports Department [from old catalog] _9133650 |
|
| 245 | 0 | 0 |
_aTurkey : _beconomic and commercial conditions in Turkey / _cE. R. Lingeman |
| 260 |
_aLondon : _bH. M. Stationery Off., _c1948 |
||
| 300 |
_a228 p. : _bill. ; _c25 cm. |
||
| 500 | _aSerial. | ||
| 651 | 0 |
_aTurkey _xEconomic conditions _y1918-1960. _9141493 |
|
| 942 |
_2ddc _cBK |
||
| 999 |
_c46333 _d46333 |
||